LEADER 01164nam a2200289 i 4500 001 991002408969707536 005 20020507163610.0 008 000529s1987 it ||| | fre 020 $a2728301425 035 $ab11652834-39ule_inst 035 $aLE02736200$9ExL 040 $aDip.to Studi Giuridici$bita 082 0 $a332.0937 084 $aR-XV/C 100 1 $aAndreau, Jean$0139630 245 13$aLa vie financière dans le monde romain :$bles métiers de manieurs d'argent, 4. siècle av. J. C.-3. ap. J.-C. /$cpar Jean Andreau 260 $aRoma :$bEcole francaise de Rome,$c1987 300 $aviii, 792 p., [6] c. di tav. :$bill. ;$c25 cm. 490 0 $aBibliothèque des écoles françaises d'Athènes et de Rome ;$v265 650 4$aBanche$zRoma antica$ySec. 4. a.C.-3. 650 4$aFinanza$zRoma antica$ySec. 4. a. C.-3. 907 $a.b11652834$b27-04-17$c02-07-02 912 $a991002408969707536 945 $aLE027 R-XV/C 20$g1$iLE027CL-1247$lle027$o-$pE0.00$q-$rl$s- $t0$u0$v0$w0$x0$y.i11878459$z02-07-02 996 $aVie financière dans le monde romain$924916 997 $aUNISALENTO 998 $ale027$b01-01-00$cm$da $e-$ffre$git $h3$i1 LEADER 01647nam a2200301 i 4500 001 991003168419707536 008 071228s2007 it 000 0 ita d 035 $ab13642479-39ule_inst 040 $aSet. Economia - SAGA$bita 082 04$a338.4791068 100 1 $aTurco, Mario$0476670 245 10$aAnalisi economico-gestionale delle imprese turistico ricettive operanti nell'area jonico-salentina :$b(triennio 2003-2005) /$cMario Turco, Simona Marchetti 260 $aBari :$bCacucci,$c2007 300 $a277 p. ;$c24 cm 440 0$aCollana dei quaderni della rivista;$v3 650 4$aAziende turistiche$zSalento 700 1 $aMarchetti, Simona$eauthor$4http://id.loc.gov/vocabulary/relators/aut$0595569 772 0 $tEconomia, azienda e sviluppo 907 $a.b13642479$b13-05-10$c10-01-08 912 $a991003168419707536 945 $aLE025 ECO 338.4 TUR01.01$g1$i2025000214781$lle025$o-$pE7.50$q-$rn$so $t0$u4$v1$w4$x0$y.i14644964$z10-01-08 945 $aLE025 ECO 338.4 TUR01.01$g2$i2025000214798$lle025$o-$pE7.50$q-$rn$so $t0$u1$v0$w1$x0$y.i14644988$z10-01-08 945 $aLE025 ECO 338.4 TUR01.01$g3$i2025000214804$lle025$o-$pE7.50$q-$rl$s- $t0$u7$v3$w7$x0$y.i14645038$z10-01-08 945 $aLE025 ECO 338.4 TUR01.01$g4$i2025000214811$lle025$o-$pE7.50$q-$rl$s- $t0$u3$v2$w3$x0$y.i1464504x$z10-01-08 945 $aLE025 ECO 338.4 TUR01.01$g5$i2025000214828$lle025$o-$pE7.50$q-$rl$s- $t0$u3$v0$w3$x0$y.i14645051$z10-01-08 996 $aAnalisi economico-gestionale delle imprese turistico ricettive operanti nell'area jonico-salentina$91463834 997 $aUNISALENTO 998 $ale025$b28-12-07$cm$da $e-$fita$git $h0$i0 LEADER 01377nam a2200373 i 4500 001 991001390839707536 005 20020507192621.0 008 940902s1982 us ||| | eng 020 $a0486642402 035 $ab10841027-39ule_inst 035 $aLE01311570$9ExL 040 $aDip.to Matematica$beng 082 0 $a519.2 084 $aAMS 60G 084 $aAMS 60H 084 $aAMS 60J25 084 $aAMS 60J60 084 $aQA274.S5813 100 1 $aSkorokhod, Anatolii Vladimirovich$047189 245 10$aStudies in the theory of random processes /$cby A. V. Skorokhod ; transl. from the russian by Scripta Technica, Inc 260 $aNew York :$bDover,$c1982 300 $aviii, 199 p. ;$c22 cm. 500 $aBibliography: p. 190-197. 500 $aIncludes index. 500 $aReprint. Originally published: Reading, Mass. : Addison-Wesley Pub. Co., 1965. (Adiwes international series in mathematics ; 7021) 500 $aTransl. from russian 650 4$aRandom processes 650 4$aStochastic processes 907 $a.b10841027$b21-09-06$c28-06-02 912 $a991001390839707536 945 $aLE013 60G SKO11 (1982)$g1$i2013000007137$lle013$o-$pE0.00$q-$rl$s- $t0$u2$v0$w2$x0$y.i10951039$z28-06-02 996 $aStudies in the theory of random processes$9918955 997 $aUNISALENTO 998 $ale013$b01-01-94$cm$da $e-$feng$gus $h0$i1